มุมมองปกติ
มุมมองแบบ MARC
- AK parti (Turkey)
รายการ Corporate Name
001 - CONTROL NUMBER
- control field: 51941
003 - CONTROL NUMBER IDENTIFIER
- control field: NALT
005 - DATE AND TIME OF LATEST TRANSACTION
- control field: 20210505115906.0
008 - FIXED-LENGTH DATA ELEMENTS
- fixed length control field: 210505|| aca||aabn | a|a d
040 ## - CATALOGING SOURCE
- Original cataloging agency: NALT
110 ## - HEADING--CORPORATE NAME
- Corporate name or jurisdiction name as entry element: AK parti (Turkey)
